Statistics for Airlines Serving the Airports of Australia

Click here to take the quiz!

General Stats

  • This quiz has been taken 277 times
    (126 since last reset)
  • The average score is 42 of 84

Answer Stats

Airports ServedAirlines% Correct
ADL | ASP | AYQ | BME | BNE | BNK | CBR | CNS | DRW | HBA | HTI | ISA | KGI | KTA | MEL | MCY | MKY | ONS | OOL | PER | PHE | SYD | TSV | ZNEQantas
99%
ABX | ADL | ARM | ASP | AYQ | BCI | BDB | BHQ | BKQ | BME | BNE | BNK | BWT | BXG | CBR | CFS | CNJ | CNS | DBO | DPO | DRW | EMD | GET | GFF | GLT | HBA | HID | HTI | HVB | ISA | KGC | KGI | KTA | LDH | LEA | LRE | LST | MCY | MEL | MGB | MIM | MKY | MOV | MQL | MRZ | NTL | OAG | OOL | OOM | PBO | PER | PHE | PLO | PPP | PQQ | ROK | SYD | TMW | TSV | WEI | WGA | WTB | WYAQantasLink
99%
MEL | SYDAir China
91%
BNE | MEL | PER | SYDEmirates
91%
ADL | BNE | CNS | DRW | MEL | PER | SYDSingapore Airlines
90%
SYDAmerican Airlines
89%
BNE | MEL | SYDChina Airlines
88%
SYDBritish Airways
87%
ADL | BNE | CNS | HBA | MCY | MEL | NLK | OOL | PER | SYDAir New Zealand
86%
ADL | ASP | BME | BNE | BNK | CBR | CFS | CNS | DRW | EMD | GLT | HBA | HTI | HVB | ISA | KGI | KNX | KTA | LST | MCY | MEL | MKY | NTL | OCM | OOL | PER | PHE | PPP | ROK | SYD | TSV | ZNEVirgin Australia
85%
ADL | BQB | CCK | DRW | KGI | KNX | KTA | ONS | PER | PHE | XCHVirgin Australia Regional
85%
ADL | BNE | MEL | PER | SYDMalaysia Airlines
84%
SYDDelta Air Lines
83%
MEL | SYDJapan Airlines
82%
ADL | BNE | CBR | MEL | PER | SYDQatar Airways
82%
BNE | MEL | SYDUnited Airlines
82%
MEL | SYDEtihad Airways
81%
ADL | AVV | AYQ | BNE | BNK | BQB | CBR | CNS | DRW | HBA | HTI | HVB | LST | MCY | MEL | MKY | NTL | OOL | PER | PPP | SYD | TSVJetstar
80%
BNE | SYDKorean Air
80%
MEL | PER | SYDThai Airways
80%
ADL | BNE | MEL | PER | SYDChina Southern Airlines
76%
ADL | BNE | MEL | PER | SYDCathay Pacific
73%
MEL | SYDVietnam Airlines
72%
BNE | SYDAir Canada
71%
MEL | SYDAir India
70%
BNE | MEL | PER | SYDPhilippine Airlines
70%
BNE | MEL | SYDChina Eastern Airlines
69%
ADL | BNE | MEL | SYDFiji Airways
68%
SYDLATAM Chile
68%
PER | SYDAll Nippon Airways
66%
PER | SYD | XCHGaruda Indonesia
66%
SYDHawaiian Airlines
62%
PER | SYDAirAsia X
61%
PERIndonesia AirAsia
61%
BNEEVA Air
59%
ABM | ABX | ADL | ALH | ARM | BEU | BHQ | BHS | BNE | BQL | BUC | BVI | BWT | CBR | CED | CFS | CMA | CNS | CPD | CTL | CVQ | DBO | DMD | DPO | EPR | GFF | GFN | HGD | HTI | ISA | JCK | KNS | KRB | LRE | LSY | MEL | MGB | MIM | MJK | MQL | MYA | NRA | NTN | OAG | ONG | PER | PKE | PLO | PQQ | PUG | RCM | RMA | SGO | SYD | TSV | ULP | XTG | WGA | WIN | WNR | WTB | WYARex Airlines
57%
SYDAsiana Airlines
53%
MEL | OOL | PER | SYDScoot
53%
MEL | SYDSriLankan Airlines
50%
BNE | CNS | SYDAir Niugini
49%
BNE | MEL | PER | SYD | XCHBatik Air Malaysia
48%
MELRoyal Brunei Airlines
48%
BNE | SYDAircalin
44%
ADL | ASP | BBL | BNE | CBR | CNJ | CNS | DRW | EMD | GTE | GTS | ISA | KGI | KTA | LER | MCY | MOO | MOV | OLP | PER | PHE | PPP | PXH | RMA | TSV | WEI | ZNEAlliance Airlines
44%
PERBatik Air
44%
BNE | CNS | SYDHainan Airlines
44%
PERAir Mauritius
41%
BNE | MEL | SYDAir Vanuatu
41%
SYDCebu Pacific
41%
BNE | SYDSamoa Airways
40%
BNENauru Airlines
39%
SYDPakistan International Airlines
39%
MEL | SYDXiamenAir
38%
ASP | BME | BNE | CNS | DRW | ELC | GOV | GTE | GTS | KNX | KTR | MEL | MGT | MNG | PER | TCA | TSV | WTBAirnorth
35%
SYDSichuan Airlines
35%
BNESolomon Airlines
35%
AVV | PERCitilink
32%
MEL | SYDBamboo Airways
31%
SYDTianjin Airlines
31%
SYDBeijing Capital Airlines
30%
BNK | CAZ | CBR | DBO | DGE | MCY | NTL | PQQ | SYD | TROFlyPelican
26%
ARM | BNE | CBR | CFS | DBO | HBA | IVR | MEB | NAA | NTL | OAG | SYD | THG | TMW | WOLLink Airways
26%
CNSPNG Air
23%
FLS | LST | YCBGAirlines of Tasmania
22%
BME | FIZ | HCQ | KAX | LNO | LVO | MKR | MMG | PER | WUNSkippers Aviation
21%
ADL | MKR | PER | PUG | PXH | ZNECobham Aviation
20%
BWT | FLS | HBA | KNS | LGH | LST | MEB | PTJ | PXH | WMBSharp Airlines
20%
ABM | AUU | BNE | CNC | CNS | CTN | EDR | HID | IRG | KUG | KWM | MYI | NLF | OKR | PPP | ROK | SBR | SYU | UBB | XMY | WEISkytrans
20%
LDH | NTL | OOL | PQQEastern Air Services
19%
KNS | MBWKing Island Airlines
19%
NLKAir Chathams
18%
CNSAsia Pacific Airlines
18%
CNS | CTN | LZR | PMKHinterland Aviation
18%
PERMaroomba Airlines
18%
BRK | DBO | LHG | WGEAir Link
17%
BME | HCQ | KNX | KTA | PHE | ZNEAviair
17%
DRWDonghai Airlines
17%
BRT | CKI | DRW | GBL | GPN | GTS | LEL | MNG | RAM | SNBFly Tiwi
17%
PERJestar Asia
17%
HBA | YWKSSkytraders
17%
KTRKatherine Aviation
16%
ELC | LELMarthakal Yolngu Airlines
16%
ELC | GOV | LEL | MGT | RAM | RPMMission Aviation Fellowship
16%
BDB | HVB | OOL | YREDSeair Pacific
16%

Score Distribution

Percentile by Number Answered

Percent of People with Each Score

Your Score History

You have not taken this quiz since the last reset